Central Library OPAC University of Rajshahi

The golden treasury : (Record no. 76727)

MARC details
000 -LEADER
fixed length control field 00822nam a2200241 a 4500
001 - CONTROL NUMBER
control field 76727
003 - CONTROL NUMBER IDENTIFIER
rucl marc code BD-RJUL
005 - DATE AND TIME OF LATEST TRANSACTION
control field 20211209082858.0
008 - FIXED-LENGTH DATA ELEMENTS--GENERAL INFORMATION
fixed length control field 200114s1964 enk 001 0 eng d
035 ## - SYSTEM CONTROL NUMBER
System control number (BD-RjUL)76951
040 ## - CATALOGING SOURCE
Original cataloging agency BD-RjUL
Language of cataloging eng
Transcribing agency BD-RjUL
041 ## - LANGUAGE CODE
Language code of text/sound track or separate title eng
082 ## - DEWEY DECIMAL CLASSIFICATION NUMBER
Classification number 821.04
Author mark and year PAG 1964
Edition number 19
100 1# - MAIN ENTRY--PERSONAL NAME
Personal name Palgrave, Francis Turner,
Dates associated with a name 1824-1897.
9 (RLIN) 55352
245 14 - TITLE STATEMENT
Title The golden treasury :
Remainder of title of the best songs and lyrical poems in the English language /
Statement of responsibility, etc. selected and arranged by Francis T. Palgrave ; with a fifth book selected, by John Press
250 ## - EDITION STATEMENT
Edition statement 5th ed.
260 ## - PUBLICATION, DISTRIBUTION, ETC. (IMPRINT)
Place of publication, distribution, etc. London :
Name of publisher, distributor, etc. Oxford University press,
Date of publication, distribution, etc. 1964
300 ## - PHYSICAL DESCRIPTION
Pagination xxi, 615 p. ;
Size 22 cm.
504 ## - BIBLIOGRAPHY, ETC. NOTE
Bibliography, etc Includes index of first lines.
650 ## - SUBJECT ADDED ENTRY--TOPICAL TERM
Topical term or geographic name as entry element English Poetry
9 (RLIN) 237565
700 ## - ADDED ENTRY--PERSONAL NAME
Personal name Press, John
942 ## - ADDED ENTRY ELEMENTS (KOHA)
Source of classification or shelving scheme Dewey Decimal Classification
Koha item type Books
Holdings
Lost status Source of classification or shelving scheme Damaged status Not for loan Collection code Permanent Location Current Location Shelving location Date acquired Source of acquisition Cost, normal purchase price Total Checkouts Full call number Date last seen Copy number Koha item type
  Dewey Decimal Classification   Not For Loan Non-fiction Central Library, University of Rajshahi Central Library, University of Rajshahi Reading Room 17/05/1967 University book agency 18.75   821.04 PAG 1964 14/01/2020 C-1 Books